Library of congress subject headings (Record no. 23224)
[ view plain ]
| 000 -LEADER | |
|---|---|
| fixed length control field | 00546nam a2200133Ia 4500 |
| 082 ## - DEWEY DECIMAL CLASSIFICATION NUMBER | |
| Classification number | RR 025.49 LIB-L |
| 245 #0 - TITLE STATEMENT | |
| Title | Library of congress subject headings |
| 250 ## - EDITION STATEMENT | |
| Edition statement | 20th ed. |
| 260 ## - PUBLICATION, DISTRIBUTION, ETC. (IMPRINT) | |
| Place of publication | Washington |
| Name of publisher | the author |
| Year of publication | 1997 |
| 500 ## - GENERAL NOTE | |
| General note | contents: 5 Vols + Supplementary Vocabularies. v.1(A-C),(xvi,2010p.)-v.2(D-H),(2011-3726p.)-v.3(I-M),(3727-5360p.)-v.4(N-R),(5361-6982p.)-v.5(S-Z),(6983-8938p.)-Supplementary Vocabularies(v.p.) |
| 650 ## - SUBJECT ADDED ENTRY--TOPICAL TERM | |
| Topical Term | Subject Headings |
| 710 ## - ADDED ENTRY--CORPORATE NAME | |
| Corporate name or jurisdiction name as entry element | Library of Congress, Cataloging Distribution Service |
| 942 ## - ADDED ENTRY ELEMENTS (KOHA) | |
| Koha item type | Books |
| Source of classification or shelving scheme | Dewey Decimal Classification |
| Withdrawn status | Lost status | Damaged status | Not for loan | Home library | Current library | Date acquired | Source of acquisition | Bill Date | Full call number | Accession Number | Price effective from | Koha item type |
|---|---|---|---|---|---|---|---|---|---|---|---|---|
| NASSDOC Library | NASSDOC Library | 04/08/2015 | Gifted by : Library of Congress, New Del | 2014-11-19 | RR 025.33 LI; | 48804 | 18/04/2019 | Books | ||||
| NASSDOC Library | NASSDOC Library | 04/08/2015 | Gifted by : Library of Congress, New Del | 2014-11-19 | RR 025.33 LI; | 48805 | 18/04/2019 | Books | ||||
| NASSDOC Library | NASSDOC Library | 04/08/2015 | Gifted by : Library of Congress, New Del | 2014-11-19 | RR 025.33 LI; | 48806 | 18/04/2019 | Books | ||||
| NASSDOC Library | NASSDOC Library | 04/08/2015 | Gifted by : Library of Congress, New Del | 2014-11-19 | RR 025.33 LI; | 48807 | 18/04/2019 | Books | ||||
| NASSDOC Library | NASSDOC Library | 04/08/2015 | Gifted by : Library of Congress, New Del | 2014-11-19 | RR 025.33 LI; | 48808 | 18/04/2019 | Books | ||||
| NASSDOC Library | NASSDOC Library | 04/08/2015 | Gifted by : Library of Congress, New Del | 2014-11-19 | RR 025.33 LI; | 48809 | 18/04/2019 | Books |
